000 01005nam a22001937a 4500
003 OSt
005 20251202165902.0
008 251202b |||||||| |||| 00| 0 eng d
040 _cDCL
041 _aMyanmar
082 _a၈၉၅.၈
245 _aတက္ကသိုလ်ပညာပဒေသာစာစောင် စာပေဆောင်ပါးများ (၁၉၆၆-၁၉၈၄) /
_cဒေါက်တာခင်အေး...[နှင့်အခြား]။
260 _aရန်ကုန် ၊
_bတက္ကသိုလ်ဘာသာပြန်နှင့်စာအုပ်ထုတ်ဝေရေးဌာန၊
_c၂၀၁၈။
300 _a၇၇၀ စာမျက်နှာ ၊
_c၂၅ စင်တီ။
500 _aကျမ်းကိုးစာရင်းပါသည်။
650 _aမြန်မာစာပေ
650 _aမြန်မာဆောင်းပါးများ
942 _2ddc
_cSHORT TERM
_n0
999 _c2655
_d2655